Logo BPK

Biblioteka

Politechniki Koszalińskiej

Postępy w technice wytwarzania : (Rekord nr 18492)

Szczegóły MARC
000 -ETYKIETA REKORDU
podpole kontrolne o stałej długości 00608nam a2200145 i 4500
001 - NUMER KONTROLNY REKORDU
pole kontrolne bg
040 ## - ŹRÓDŁO KATALOGOWANIA
Instytucja, która utworzyła rekord BPK
041 ## - KOD JĘZYKA
Kod języka tekstu pol
008 - POLE O STAŁEJ DŁUGOŚCI - DANE KONTROLNE
podpole kontrolne o stałej długości s pl f |000 0 pol
245 #0 - TYTUŁ/ODPOWIEDZIALNOŚĆ
Tytuł Postępy w technice wytwarzania :
Ciąg dalszy tytułu konferencja naukowo-techniczna, Kołobrzeg 21-23 września 1978 r.
Oznaczenie części/sekcji dzieła Cz. 3,
Tytuł części/sekcji dzieła Obróbka cieplna, kształtowanie plastyczne i spawalnictwo /
Pozostałe elementy strefy tytułu i oznaczenia odpowiedzialności Naczelna Organizacja Techniczna Rada Oddziału Wojewódzkiego, Instytut Techniki Wytwarzania Wyższej Szkoły Inżynierskiej w Koszalinie.
260 ## - STREFA ADRESU WYDAWNICZEGO
Miejsce wydania Koszalin,
Data publikacji, dystrybucji/powstania dokumentu 1978.
650 #9 - HASŁO PRZEDMIOTOWE W FORMIE NAZWY OGÓLNEJ LUB JEDNOSTKOWEJ
Nazwa ogólna lub geograficzna Obróbka plastyczna
650 #9 - HASŁO PRZEDMIOTOWE W FORMIE NAZWY OGÓLNEJ LUB JEDNOSTKOWEJ
Nazwa ogólna lub geograficzna Spawalnictwo
856 ## - LOKALIZACJA I DOSTĘP DO ELEKTRONICZNYCH DOKUMENTÓW ZDALNYCH
Link (URL) http://koha.tu.koszalin.pl/cgi-bin/koha/opac-detail.pl?biblionumber=18492
Tekst linku Katalog online BPK
942 ## - DODATKOWE ELEMENTY (KOHA)
Typ dokumentu Książka
Egzemplarze
Wycofany Status egzemplarza Uszkodzony Dostępność Lokalizacja stała Lokalizacja bieżąca Miejsce przechowywania Sygnatura Kod kreskowy Typ dokumentu
      Dostępny Biblioteka Politechniki Koszalińskiej Biblioteka Politechniki Koszalińskiej Wypożyczalnia BG 25778 01474251 Książka
      Dostępny Biblioteka Politechniki Koszalińskiej Biblioteka Politechniki Koszalińskiej Wypożyczalnia BG 25779 01476361 Książka
© 2023 Biblioteka Politechniki Koszalińskiej :: KOHA